000 00534nam a2200181Ia 4500
999 _c14446
_d14446
003 OSt
005 20201019110400.0
008 190216s9999||||xx |||||||||||||| ||und||
020 _a8188237086
040 _coclc
082 _a302.2303
_bSIN/D
100 _aSingh, Chandrakant P
_95880
245 0 _aDictionary Of Media And Journalism /
_cChandrakant P Singh
260 _bI.K.International,
_aNew Delhi:
_c2004.
300 _a327p
650 _aEnglish
942 _cBK
_2ddc
_h302.2303
_iSIN/D
_k302.2303
_mSIN/D